Protección sanitario-social del leproso / (Record no. 47094)

MARC details
000 -LEADER
campo de control de longitud fija 00554nam a2200157 i 4500
001 - NÚMERO DE CONTROL
campo de control 47094
003 - IDENTIFICADOR DE NÚMERO DE CONTROL
campo de control ES-MaACL
005 - FECHA Y HORA DE LA ÚLTIMA TRANSACCIÓN
campo de control 20230906161512.0
007 - CAMPO FIJO DE DESCRIPCIÓN FÍSICA--INFORMACIÓN GENERAL
campo de control de longitud fija t|
008 - DATOS DE LONGITUD FIJA--INFORMACIÓN GENERAL
campo de control de longitud fija 030403q1945 sp ||||1| spa d
100 1# - ENTRADA PRINCIPAL--NOMBRE DE PERSONA
Nombre de persona Contreras Dueñas, Félix.
9 (RLIN) 40321
245 10 - MENCIÓN DEL TÍTULO
Título Protección sanitario-social del leproso /
Mención de responsabilidad, etc. por Félix Contreras Dueñas.
260 ## - PUBLICACIÓN, DISTRIBUCIÓN, ETC.
Lugar de publicación, distribución, etc. [S.l.] :
Nombre del editor, distribuidor, etc. Orden Hospitalaria y Soberana de San Lázaro de Jerusalén,
Fecha de publicación, distribución, etc. [ca. 1945] (
Lugar de fabricación/manufactura Valencia :
Fabricante Imp. V. Taroncher)
300 ## - DESCRIPCIÓN FÍSICA
Extensión 35 p. :
Otras características físicas lám. ;
Dimensiones 24 cm.
852 ## - LOCALIZACIÓN
Ubicación ES-MaACL
Número de control de estantería 1944-F-5
Sublocalización o colección R.31650
Holdings
Estatus retirado Estado de pérdida Estado de daño No para préstamo Colección Biblioteca de origen Biblioteca actual Ubicación en estantería Fecha de adquisición Fuente de adquisición Total de préstamos Signatura topográfica completa Código de barras Visto por última vez Precio de reemplazo Tipo de ítem Koha
        Colección de folletos Biblioteca del Ateneo de Madrid Biblioteca del Ateneo de Madrid Depósito folletos 17/01/2008     1944-F-5 1049534 23/02/2023 23/02/2023 Folleto